Cantalapiedra 1477 (Record no. 160724)
[ view plain ]
| 000 -LEADER | |
|---|---|
| campo de control de longitud fija | 00881nam a22001815i 4500 |
| 001 - NÚMERO DE CONTROL | |
| campo de control | 160724 |
| 003 - IDENTIFICADOR DE NÚMERO DE CONTROL | |
| campo de control | ES-MaACL |
| 005 - FECHA Y HORA DE LA ÚLTIMA TRANSACCIÓN | |
| campo de control | 20230906212121.0 |
| 008 - DATOS DE LONGITUD FIJA--INFORMACIÓN GENERAL | |
| campo de control de longitud fija | 041008s1893 sp a |||| | spa d |
| 040 ## - FUENTE DE CATALOGACIÓN | |
| Centro catalogador/agencia de origen | CAM |
| Lengua de catalogación | spa |
| Centro/agencia transcriptor | CAM |
| 100 1# - ENTRADA PRINCIPAL--NOMBRE DE PERSONA | |
| Nombre de persona | Nogales-Delicado y Rendón, Dionisio de. |
| 9 (RLIN) | 130508 |
| 245 10 - MENCIÓN DEL TÍTULO | |
| Título | Cantalapiedra 1477 |
| Resto del título | : episodio histórico / |
| Mención de responsabilidad, etc. | por D. de N.D. y R. |
| 260 ## - PUBLICACIÓN, DISTRIBUCIÓN, ETC. | |
| Lugar de publicación, distribución, etc. | Ciudad-Rodrigo : |
| Nombre del editor, distribuidor, etc. | Imprenta y librería de Castar Iglesias, |
| Fecha de publicación, distribución, etc. | 1893. |
| 300 ## - DESCRIPCIÓN FÍSICA | |
| Extensión | 111 p., [2] h. de lám. ; |
| Dimensiones | 23 cm. |
| 594 ## - Nota al título y mención de responsabilidad | |
| Nota al título y mención de responsabilidad | Las iniciales de la mención de resp. corresponden a Dionisio de Nogales Delicado Rendon. |
| 599 ## - NOTA A LAS ILUSTRACIONES | |
| NOTA A LAS ILUSTRACIONES | Las h. de lám. del escudo de Cantalapiedra y de vista de la localidad en 1477. |
| 852 ## - LOCALIZACIÓN | |
| Ubicación | ES-MaACL |
| Número de control de estantería | T-698-F-5 |
| Nota libre | -- Enc. hol. conservando la cub. original |
| -- | -- Dedicatoria ms. del autor al Ateneo Científico y Literario de Madrid |
| -- | -- Enc. en un vol. facticio |
| Estatus retirado | Estado de pérdida | Estado de daño | No para préstamo | Colección | Biblioteca de origen | Biblioteca actual | Ubicación en estantería | Fecha de adquisición | Total de préstamos | Signatura topográfica completa | Código de barras | Visto por última vez | Precio de reemplazo | Tipo de ítem Koha |
|---|---|---|---|---|---|---|---|---|---|---|---|---|---|---|
| Colección de folletos | Biblioteca del Ateneo de Madrid | Biblioteca del Ateneo de Madrid | Depósito folletos | 17/01/2008 | T-698-F-5 | 1168306 | 23/02/2023 | 23/02/2023 | Folleto |
